000 01229nam a2200289 4500
001 0000019734
003 CO-CtgCURN
005 20250506203459.0
008 160627s2001 000 0 eng d
020 _a8441409110
040 _aCO-CtgCURN
_bspa
_ccoctgcurn
082 0 _a181.114
_bL616
100 1 _aPalmer, Martin.
245 1 3 _aEl libro de Chuang tse :
_bversion de Martin Palmer y Elizabeth BreuiLLy.
260 _aMadrid :
_bArca de Sabiduria,
_c2001.
300 _a482 p.
336 _2rdacontent
337 _2rdamedia
_asin mediacion
_bn
338 _2rdacarrier
_avolumen
_bnc
500 _aIncluye indice.
505 8 _aCaminar pordonde uno quiera.--Hacerlo todo serenamente.--El alimento de la vida.--Fuera sobre el mundo.--Signos de la virtud real.--El gran maestro original.--Tratando con reyes y emperadores.--Dedos palmeados.--Pezuñas de caballos.--Maletas rotas.--Dejar el mundo abierto.--Cielo y tierra.--El tao del cielo.--Rigido y arrogante.--Los ignorantes y los engañadores
650 0 _aReligion y mitología.
700 1 _aBreuiLLy, Elizabeth.
908 _a160627
942 _cBK
_h181.114
_iL616
_2ddc
999 _c48139
_d48139
_x1